Постановление ГКО СССР № 751 сс об эвакуации завода № 18 Наркомата авиационной промышленности

RUSMARC
00003473cbm0a2200253#x 450
00101c3a074-46ad-451e-ac9f-6e2c3d1151d1
00520220601104206.0
100##$a20220601j19411009k###0rusy50 ca
1010#$arus
102##$aRU
105##$ay###z########
1220#$ad19411009##
2001#$aПостановление ГКО СССР № 751 сс об эвакуации завода № 18 Наркомата авиационной промышленности
$j9 октября 1941 г.
251##$cДокумент
300##$aРассылочный и подлинный экземпляры
461#0$12001
$aФ. 644
$1251
$cФонд
$1852
$j644
462#0$12001
$aОп. 1
$1251
$cОпись
$1852
$j1
605##$2prlib_sh
$3LIBNET\UAF\0000088514
$aВторая мировая война в архивных документах (Комплекс оцифрованных архивных документов, кино- и фотоматериалов)
$lколлекция
686##$a63.3(2)622-3ю11
$vLBC/M
$2rubbk
801#0$aRU
$bПБ им. Б.Н. Ельцина
$c20220601
801#1$aRU
$bПБ им. Б.Н. Ельцина
$c20220601
$2rusmarc
801#2$aRU
$bПБ им. Б.Н. Ельцина
$c20220601
$2rusmarc
850##$aРоссийский государственный архив социально-политической истории
852##$aРГАСПИ
$jД. 12. Л. 26; Оп. 2. Д. 21. Л. 173-174
035##$aLIBNET\0001245746
937##$d176179049
$hФедеральное архивное агентство
8564#$uhttp://readingroom.main.prlib.ru/item.aspx?id_node=n176179049&mode=full
Формат отображения